Mối tương quan giữa khả năng thích ứng với cơ chế kinh tế thị trường định hướng xã hội chủ nghĩa và chất lượng giáo dục của một số trường trung học phổ thông dân lập ở Hà Nội /

Na minha lista:
Detalhes bibliográficos
Autor principal: Trần Thị Bích Liễu
Formato: Artigo
Idioma:Vietnamese
Assuntos:
Tags: Adicionar Tag
Sem tags, seja o primeiro a adicionar uma tag!
Thư viện lưu trữ: Thư viện Trường Đại học Đà Lạt
LEADER 01024nam a2200301 4500
001 DLU060054569
040 # # |a DLU  |b vie 
041 # # |a vie 
044 # # |a vn 
100 # # |a Trần Thị Bích Liễu 
245 # # |a Mối tương quan giữa khả năng thích ứng với cơ chế kinh tế thị trường định hướng xã hội chủ nghĩa và chất lượng giáo dục của một số trường trung học phổ thông dân lập ở Hà Nội /  |c Trần Thị Bích Liễu 
653 # # |a Chất lượng giáo dục 
653 # # |a Hà Nội 
653 # # |a Học sinh 
653 # # |a Quản lí giáo dục 
653 # # |a trường dân lập 
773 # # |t Giáo dục  |g Số 125, 2005, tr.8-10 
920 # # |a Phòng Tạp chí -- Trung tâm Thông tin - Thư viện Trường Đại học Đà Lạt 
933 # # |a CT, TN 
994 # # |a DLU 
900 # # |a True 
911 # # |a Nguyễn Thị Yên 
925 # # |a G 
926 # # |a A 
927 # # |a BB 
980 # # |a Thư viện Trường Đại học Đà Lạt